000 00685nam a22002177a 4500
005 20170124105958.0
010 _aB-181218
020 _c00.00
_a8185212686
035 _aB-181218
037 _bCen Lib/Ret
040 _aDPL
_bEN
082 _a133.5
_bSHA
100 _aSharma, Sanjay
_915029
245 _aZodiac and sunsigns :
_cby Sanjay Sharma
_ba comparison of Indian and western astrology /
260 _aChandigarh
_bArun Publishing House
_c2000
270 _aSCO 49-51, Sector- 17 C
_bChandigarh
_e160017
300 _a160p.
_c21cm(Hb)
650 _aAstrology -- Juvenile literature
_915030
650 _aAstrology
_95898
942 _2ddc
_cEN
_h133.5
_mSHA
999 _c125634
_d125634